Kpop Idol from 4th/5th Generation groups - Statistiques

Statistiques générales
  • Ce quiz a été pris 5 423 fois
    1 171 depuis la dernière actualisation
  • Le résultat moyen est 112 sur 497
Statistiques - réponses
Group Réponse % Correct
MCND Castle J
94%
StayC J
94%
&TEAM K
91%
Epex A-min
90%
AHOF | Stray Kids Han
90%
Stray Kids Bang Chan
87%
Stray Kids Felix
87%
Stray Kids I.N
85%
Everglow E:U
82%
Stray Kids Changbin
80%
Loona | Stray Kids Hyunjin
80%
Stray Kids Lee Know
78%
Itzy Yeji
78%
MCND Win
76%
Itzy Yuna
76%
Weeekly Soeun
75%
Aespa Karina
74%
Enhypen Niki
74%
Stray Kids Seungmin
74%
Aespa Winter
74%
New Jeans Danielle
73%
Itzy Lia
73%
Iz*One | Le Sserafim Sakura
73%
Enhypen Jay
72%
Hearts2Hearts Ye-on
72%
Aespa Giselle
71%
Enhypen Jake
71%
Aespa NingNing
71%
Class:y | Iz*One | Le Sserafim | TripleS Chaewon
70%
Ateez San
70%
Le Sserafim Yunjin
69%
Enhypen Heeseung
68%
(G)I-dle Minnie
68%
Itzy Ryujin
68%
Ive | Iz*One | Kep1er | ZeroBaseOne Yujin
68%
Ive | Iz*One Wonyoung
67%
TXT Huening Kai
66%
Close Your Eyes Seungho
66%
TXT Soobin
66%
(G)I-dle Soyeon
66%
Boynextdoor Sungho
66%
TXT Yeonjun
66%
Enhypen Sunoo
65%
Le Sserafim Kazuha
64%
(G)I-dle Yuqi
63%
Le Sserafim Eunchae
62%
New Jeans Hanni
62%
Enhypen Jungwon
62%
New Jeans | Secret Number Minji
62%
Enhypen Sunghoon
62%
All Day Project Tarzzan
62%
Hearts2Hearts A-na
60%
&TEAM Jo
60%
Nmixx Lily
60%
Cortis Martin
60%
Loona Olivia Hye
60%
TXT Beomgyu
59%
BabyMonster Asa
58%
BabyMonster Ahyeon
57%
(G)I-dle Miyeon
57%
ILLIT Wonhee
57%
BabyMonster Chiquita
56%
(G)I-dle Shuhua
56%
TXT Taehyun
56%
Cortis James
55%
Ive Liz
54%
BabyMonster Pharita
54%
BabyMonster Rami
54%
Itzy Chaeryeong
53%
P1Harmony Keeho
53%
ILLIT Moka
53%
New Jeans Haerin
52%
ILLIT Iroha
52%
Ateez Mingi
52%
Ateez Wooyoung
52%
Kiss of Life Julie
51%
Ive Rei
51%
BabyMonster Ruka
51%
ILLIT | Iz*One Minju
50%
All Day Project Annie
49%
New Jeans Hyein
49%
Ive Leeseo
49%
Hearts2Hearts | Nmixx | TripleS Jiwoo
48%
ZeroBaseOne Ricky
48%
Kiss of Life Belle
47%
Ive Gaeul
47%
BabyMonster Rora
47%
(G)I-dle | Weeekly Soojin
47%
ILLIT Yunah
47%
Kiss of Life Natty
46%
Ateez Seonghwa
46%
Ateez Yeosang
46%
Ateez Jongho
45%
Ateez Yunho
45%
Nmixx Bae
43%
All Day Project Bailey
43%
Ateez Hongjoong
42%
Meovv | Pixy Ella
41%
Nmixx Haewon
41%
P1Harmony Soul
41%
Evnne | Tempest | ZeroBaseOne Hanbin
39%
P1Harmony Intak
39%
P1Harmony Theo
39%
Cortis Keonho
37%
ZeroBaseOne Matthew
37%
Boynextdoor Jaehyun
36%
Nmixx Kyujin
36%
Nmixx Sullyoon
36%
All Day Project Woochan
36%
All Day Project Youngseo
36%
BlackSwan Fatou
35%
Kiss of Life Haneul
34%
ZeroBaseOne ZhangHao
34%
Purple Kiss Jieun
33%
Meovv Anna
32%
P1Harmony Jongseob
32%
Cortis Juhoon
32%
Boynextdoor Leehan
31%
ZeroBaseOne Gunwook
30%
P1Harmony Jiung
30%
The Boyz Q
30%
Loona Chuu
29%
ZeroBaseOne Gyuvin
29%
&TEAM Maki
29%
Cortis | IDID Seonghyeon
29%
The Boyz Eric
28%
Tempest | ZeroBaseOne Taerae
28%
Boynextdoor Taesan
28%
ATBO WonBin
28%
IDID | Riize Wonbin
28%
Riize Shotaro
27%
Iz*One Yena
27%
Riize Anton
26%
Iz*One | TripleS Chaeyeon
26%
BADVILLAIN HU'E
26%
&TEAM Nicholas
26%
Boynextdoor Riwoo
26%
Riize Sohee
26%
&TEAM Taki
26%
Boynextdoor Woonhak
26%
Iz*One Yuri
26%
Nmixx Jinni
25%
ZeroBaseOne Jiwoong
25%
Meovv Gawon
23%
Evnne Jihoo
23%
Baby DONT Cry | Everglow Mia
23%
Meovv Narin
23%
Nowadays | StayC Yoon
23%
&TEAM EJ
22%
Iz*One Eunbi
22%
Alpha Drive One Leo
22%
Riize Seunghan
22%
Riize Sungchan
22%
Fromis_9 Chaeyoung
21%
TWS | Treasure Jihoon
21%
&TEAM Fuma
20%
Treasure Haruto
20%
Kep1er Huening Bahiyyih
20%
The Boyz Kevin
20%
Loona Yves
20%
Everglow Aisha
19%
Meovv Sooin
19%
The Boyz Sunwoo
19%
&TEAM Yuma
19%
Hearts2Hearts Carmen
18%
&TEAM Harua
18%
Iz*One | Say My Name Hitomi
18%
Izna Jeemin
18%
Izna Mai
18%
Billlie Moon Sua
18%
Alpha Drive One Sangwon
18%
Billlie Tsuki
18%
StayC Isa
17%
StayC | Xikers Seeun
17%
BADVILLAIN Emma
16%
Riize Eunseok
16%
Hearts2Hearts Ian
16%
Izna Koko
16%
The Boyz New
16%
Everglow Onda
16%
Alpha Drive One Sanghyeon
16%
StayC Sieun
16%
StayC | Xikers Sumin
16%
Kep1er Xiaoting
16%
Loona Choerry
15%
Kep1er Hikaru
15%
Loona Kim Lip
15%
Iz*One Nako
15%
Hearts2Hearts Stella
15%
Everglow Yiren
15%
Treasure Yoshi
15%
TWS Dohoon
14%
The Boyz Jacob
14%
TWS Shinyu
14%
Onepact | Treasure Yedam
14%
Viviz Eunha
13%
Iz*One Hyewon
13%
Kep1er | MadeIn (Ex-Limelight) Mashiro
13%
Izna Saebi
13%
Izna Sarang
13%
Viviz SinB
13%
Alpha Drive One Anxin
12%
Alpha Drive One Arno
12%
Izna Jiyoon
12%
Izna Jungeun
12%
The Boyz Juyeon
12%
TWS Kyungmin
12%
IDID | MCND Minjae
12%
KickFlip Minje
12%
Fromis_9 | TripleS Seoyeon
12%
Everglow Sihyeon
12%
Viviz Umji
12%
Loona Vivi
12%
Unis Yunha
12%
Treasure Asahi
11%
Unis Gehlee
11%
TWS Hanjin
11%
Xikers Hunter
11%
Alpha Drive One Junseo
11%
Alpha Drive One Xinlong
11%
Kep1er | MadeIn (Ex-Limelight) Yeseo
11%
Purple Kiss Yuki
11%
Kep1er Chaehyun
10%
Kep1er Dayeon
10%
Alpha Drive One Geonwoo
10%
Loona Heejin
10%
The Boyz Hyunjae
10%
Treasure Hyunsuk
10%
Hearts2Hearts Juun
10%
The Boyz Sangyeon
10%
Lapillus | Unis Seowon
10%
Close Your Eyes Yeojun
10%
The Boyz Younghoon
10%
Loona Gowon
9%
The Boyz Haknyeon
9%
Loona Haseul
9%
Cherry Bullet | Fromis_9 Jiwon
9%
Cravity | Onepact Seongmin
9%
Purple Kiss Swan
9%
BlackSwan Gabi
8%
KiiiKiii Haum
8%
AHOF | Treasure Jeongwoo
8%
Mimiirose Jia
8%
Loona JinSoul
8%
Oneus Leedo
8%
Unis Nana
8%
Cravity Woobin
8%
Oneus Xion
8%
Loona Yeojin
8%
Kep1er Youngeun
8%
TWS Youngjae
8%
Hearts2Hearts Yuha
8%
MCND BIC
7%
Treasure Doyoung
7%
TripleS Hyerin
7%
Onepact Jay Chang
7%
Class:y Jimin
7%
Unis Kotoko
7%
KiiiKiii Kya
7%
Treasure Mashiho
7%
Cherry Bullet May
7%
Say My Name Mei
7%
Oneus Ravn
7%
Cravity Serim
7%
Xikers Yechan
7%
Unis Yoona
7%
Cravity Allen
6%
KickFlip Amaru
6%
Purple Kiss Chaein
6%
BADVILLAIN Chloe Young
6%
TripleS Dahyun
6%
KickFlip Donghwa
6%
Unis Elisia
6%
Purple Kiss Goeun
6%
Billlie Haram
6%
Oneus Hwanwoong
6%
Cravity Hyeongjun
6%
Fromis_9 Jisun
6%
KiiiKiii Jiyu
6%
Treasure Junghwan
6%
Treasure Junkyu
6%
KickFlip Keiju
6%
Evnne Keita
6%
KiiiKiii Leesol
6%
Cravity Minhee
6%
Weeekly Monday
6%
Oneus Seoho
6%
Pixy Sua
6%
Close Your Eyes Sungmin
6%
Cravity Taeyoung
6%
Cherry Bullet Yuju
6%
Mirae Dongpyo
5%
Purple Kiss Dosie
5%
Unis Hyeonju
5%
Treasure Jaehyuk
5%
Secret Number Jinny
5%
Cravity Jungmo
5%
Close Your Eyes Kenshin
5%
Oneus Keonhee
5%
TripleS Kotone
5%
KickFlip Kyehoon
5%
Secret Number Léa
5%
TripleS Nakyoung
5%
Fromis_9 Saerom
5%
TripleS Sohyun
5%
BlackSwan Sriya
5%
Onepact Tag
5%
Cravity Wonjin
5%
AHOF Woongki
5%
TripleS Xinyu
5%
TripleS Yeonji
5%
Lapillus Chanty
4%
Fromis_9 Gyuri
4%
MCND Huijun
4%
Purple Kiss Ireh
4%
Evnne Jeonghyeon
4%
Fromis_9 Jiheon
4%
Xikers Jinsik
4%
TripleS Jiyeon
4%
ATBO | Xikers Junmin
4%
KickFlip Juwang
4%
TripleS Kaede
4%
BlackSwan Leia
4%
TripleS Mayu
4%
Close Your Eyes Minwook
4%
Epex MU
4%
TripleS Nien
4%
TripleS SeoAh
4%
Evnne Seungeon
4%
TripleS Soomin
4%
KiiiKiii Sui
4%
TripleS Sullin
4%
TripleS Yooyeon
4%
Mirae | TripleS Yubin
4%
BADVILLAIN | Evnne Yunseo
4%
PLAVE Bamby
3%
Cherry Bullet Bora
3%
Cherry Bullet Chaerin
3%
KickFlip Donghyeon
3%
Lapillus Haeun
3%
Billlie Haruna
3%
TripleS Hayeon
3%
Fromis_9 Hayoung
3%
Class:y Hyeju
3%
ATBO Hyunjun
3%
Xikers Hyunwoo
3%
AHOF JL
3%
Onepact Jongwoo
3%
Evnne Junghyun
3%
BADVILLAIN Kelly
3%
Epex Keum
3%
TripleS Lynn
3%
Fromis_9 Nagyung
3%
PLAVE Noah
3%
Say My Name Seungjoo
3%
Lapillus Shana
3%
Billlie Sheon
3%
TripleS ShiOn
3%
AHOF Shuaibo
3%
AHOF Steven
3%
MadeIn (Ex-Limelight) Suhye
3%
Xikers Yujun
3%
Epex Ayden
2%
Epex Baekseung
2%
Lapillus Bessie
2%
Class:y Boeun
2%
AHOF Chih En
2%
Lightsum Chowon
2%
AHOF Daisuke
2%
Pixy Dia
2%
Say My Name Dohee
2%
PLAVE Eunho
2%
MadeIn (Ex-Limelight) Gaeun
2%
Cherry Bullet Haeyoon
2%
Ily:1 Hana
2%
Lightsum Hina
2%
BADVILLAIN Ina
2%
Epex Jeff
2%
Weeekly Jihan
2%
Close Your Eyes Jingxiang
2%
TripleS Joobin
2%
Xikers Junhoon
2%
Say My Name Junhwi
2%
IDID | Mirae Junhyuk
2%
AHOF Juwon
2%
Say My Name Kanny
2%
Mirae Khael
2%
Mirae Lien
2%
Pixy Lola
2%
Lightsum Nayoung
2%
Class:y Riwon
2%
Say My Name Shuie
2%
MAVE: SIU
2%
Billlie Siyoon
2%
Say My Name Soha
2%
Billlie Suhyeon
2%
BADVILLAIN Vin
2%
Epex Wish
2%
PLAVE Yejun
2%
Baby DONT Cry Yihyun
2%
Lapillus Yue
2%
Ily:1 Ara
1%
Baby DONT Cry Beni
1%
Pixy Dajeong
1%
Secret Number Dita
1%
Mirae Douhyun
1%
Tempest Eunchan
1%
PLAVE Hamin
1%
Lightsum Huiyeon
1%
Tempest Hwarang
1%
Tempest Hyuk
1%
Class:y Hyungseo
1%
Weeekly Jaehee
1%
Lightsum Jian
1%
Lightsum Juhyeon
1%
ATBO Junseok
1%
Baby DONT Cry Kumi
1%
Close Your Eyes Kyounbae
1%
Tempest Lew
1%
MAVE: MARTY
1%
Xikers Mijae
1%
MadeIn (Ex-Limelight) Miu
1%
MadeIn (Ex-Limelight) Nagomi
1%
Ily:1 Nayu
1%
ATBO Rakwon
1%
Cherry Bullet Remi
1%
Pixy Rinji
1%
Ily:1 Ririka
1%
Ily:1 Rona
1%
Lightsum Sangah
1%
Pixy Satbyeol
1%
IDID Semin
1%
Class:y Seonyou
1%
ATBO Seunghwan
1%
Mirae Siyoung
1%
Nowadays Siyun
1%
Secret Number Soodam
1%
MAVE: TYRA
1%
ATBO Yeonkyu
1%
Nowadays Yeonwoo
1%
Epex Yewang
1%
IDID Yonghoon
1%
IDID Yoochan
1%
Lightsum Yujeong
1%
Mimiirose Yunju
1%
MAVE: ZENA
1%
Weeekly Zoa
1%
Secret Number Zuu
1%
Ily:1 Elva
0%
Nowadays Hyeonbin
0%
Tempest Hyeonseop
0%
Mimiirose Hyori
0%
Nowadays Jinhyuk
0%
MadeIn (Ex-Limelight) Serina
0%
Mimiirose Yeonjae
0%
Mimiirose Yewon
0%
Aucun quiz correspondant
Distribution des résultats
% des personnes avec chaque résultat
Percentile par nombre de réponses
Votre historique - résultats
Vous n’avez pas pris ce quiz depuis la dernière actualisation